Normal view
MARC view
Entry Topical Term
001 - CONTROL NUMBER
- control field: 66363
003 - CONTROL NUMBER IDENTIFIER
- control field: OSt
005 - DATE AND TIME OF LATEST TRANSACTION
- control field: 20260217084858.0
008 - FIXED-LENGTH DATA ELEMENTS
- fixed length control field: 260217|| aca||aabn | a|a d
040 ## - CATALOGING SOURCE
- Original cataloging agency: OSt
- Transcribing agency: OSt
150 ## - HEADING--TOPICAL TERM
- Topical term or geographic name entry element: Boat and Barge
- Chronological subdivision: (1752-1885)
- General subdivision: History
670 ## - SOURCE DATA FOUND
- Source citation: Work cat.: (OSt)47323: Aung Zaw Myint . 65781, Boats and Barges of the Konbaung Period (1752-1885) /, 2010.